00612nam a22001817a 450000500170000001000150001702000230003203500140005503700130006908200170008210000180009924500970011726000410021427001040025530000230035970000200038271000280040220240124105710.0 aENG-139004 c890.00a8181770455 aEN-122536 bDBAD/PUB a582.16095435 aPrasanna,P.V. aTrees of Hyderabad a pictorial guide /bN.Chandra: Mohan Reddy: M. Venkat Ramana and P. Venu aKolkata bBotanical Survey of India  bKolkataaCGO Complex, 3rd MSO Building, DF Block 5th and 6th Floor, Salt Lake City , Kolkata-700064 a278 p.c22 cm(pbk) aMishra Abhishek aRoma ChatterjeeeEditor